| 000 | 01021nam a2200253Ia 4500 | ||
|---|---|---|---|
| 008 | 191130s2009##################000#0#eng## | ||
| 020 | _a9780324598278 | ||
| 040 |
_aACL _cACL |
||
| 082 | _a650.015195 AND | ||
| 100 | _aAnderson, David Ray | ||
| 245 |
_aModern business statistics with Microsoft office Excel _cDavid R. Anderson, Dennis J. Sweeney, Thomas A. Williams |
||
| 250 | _a3rd ed | ||
| 260 |
_aMason, OH _bSouth-Western Cengage Learning _cc2009 |
||
| 300 | _axxviii, 940 p. : ill. ; 26 cm. + 1 CD-ROM (4 3/4 in.) | ||
| 500 | _aRev. ed. of: Modern business statistics with Microsoft Excel / David R. Anderson, Dennis J. Sweeney, Thomas A. Williams. 2nd ed. Includes bibliographical references and index | ||
| 650 | _aCommercial statistics | ||
| 650 | _aCommercial statistics - Computer programs | ||
| 650 | _aMicrosoft Excel (Computer file) | ||
| 700 | _aSweeney, Dennis J | ||
| 700 | _aWilliams, Thomas Arthur | ||
| 990 | _a4c355780ac10000c1e8bc62324fbbfc6 | ||
| 991 | _a409253 | ||
| 999 |
_c12737 _d12737 |
||